Statistics for Can you guess all the Chloe Ament songs

Click here to take the quiz!

General Stats

  • This quiz has been taken 380 times
    (6 since last reset)
  • The average score is 28 of 36

Answer Stats

EP/Album/SingleNumberAnswer% Correct
SingleN/AAlternate Ending
100%
BBBH1Destiny
100%
burn & breathe6Evangeline
100%
Daisies2Ghost
100%
When I'm Older3Landon
100%
Daisies5Stranger
100%
BBBH2Uninvited
100%
BBBH5Until the End
100%
When I'm Older9wwbk
100%
When I'm Older5afterlife
75%
BBBH3Antidote
75%
Daisies4Back To You
75%
SingleN/ACall Me
75%
burn & breathe3Chemistry
75%
Daisies1Cliche
75%
Daisies6Daisies
75%
burn & breathe5Dining Room Table
75%
burn & breathe1In All Honesty
75%
When I'm Older4it can't get worse
75%
When I'm Older6I Thought So
75%
When I'm Older12MAYBE
75%
When I'm Older7Meet Me Where It's Quiet
75%
SingleN/ANARCISSA
75%
When I'm Older8off-chance
75%
When I'm Older10Perfume
75%
burn & breathe2Places You Belong
75%
BBBH4Running to the Edge
75%
SingleN/Astay right here
75%
When I'm Older11Strangely Divine
75%
When I'm Older1the boy
75%
burn & breathe7The Epilogue
75%
When I'm Older2Trains
75%
burn & breathe4Will You Want Me Now
75%
Daisies3The Water Is Fine
50%
SingleN/AThe Water Is Fine- Crimson Edition
50%
SingleN/Astay right here- Demo version
25%

Score Distribution

Percentile by Number Answered

Percent of People with Each Score

Your Score History

You have not taken this quiz since the last reset